[Event "World University-ch"]
[Site "Aracaju"]
[Date "2018.09.13"]
[Round "2"]
[White "Wang, Chen"]
[Black "Molenda, Marcin"]
[Result "1/2-1/2"]
[WhiteElo "2470"]
[BlackElo "2372"]
[PlyCount "80"]
[EventDate "2018.09.13"]
[EventType "swiss"]
[EventRounds "9"]
[EventCountry "BRA"]
[SourceTitle "CBM 186 Extra"]
[Source "ChessBase"]
[SourceDate "2018.08.24"]
[SourceVersion "1"]
[SourceVersionDate "2018.08.24"]
[SourceQuality "1"]

1. b3 Nf6 2. Bb2 g6 3. g3 Bg7 4. Bg2 d5 5. Nf3 0-0 6. 0-0 Re8 7. c4 c6 8. Qc2 Nbd7 9. Nc3 dxc4 10. bxc4 e5 11. d3 Nc5 12. Rad1 Qc7 13. Nd2 Ne6 14. e3 Ng5 15. Nce4 Nfxe4 16. dxe4 Ne6 17. Nb3 b5 18. cxb5 cxb5 19. Qxc7 Nxc7 20. Rc1 Na6 21. Rfd1 Rb8 22. Na5 Rb6 23. Bf1 Nb8 24. Rc7 a6 25. Ba3 Bf8 26. Bxf8 Kxf8 27. a3 Be6 28. Nb7 Rc8 29. Rxc8+ Bxc8 30. Nc5 Ke7 31. Rd5 Nc6 32. f4 Be6 33. Rd1 a5 34. Rb1 b4 35. axb4 axb4 36. Kf2 Kd6 37. Na4 Rb8 38. Rd1+ Kc7 39. Rc1 Kd6 40. Rd1+ Kc7 1/2-1/2

[Event "CHN-chT"]
[Site "Hangzhou"]
[Date "2018.06.20"]
[Round "3.7"]
[White "Shen, Siyuan"]
[Black "Wang, Chen"]
[Result "1-0"]
[WhiteElo "2335"]
[BlackElo "2468"]
[PlyCount "75"]
[EventDate "2018.06.19"]
[EventType "team-swiss"]
[EventRounds "9"]
[EventCountry "CHN"]
[SourceTitle "CBM 185 Extra"]
[Source "ChessBase"]
[SourceDate "2018.07.29"]
[SourceVersion "1"]
[SourceVersionDate "2018.07.29"]
[SourceQuality "1"]
[WhiteTeam "Ningbo"]
[BlackTeam "Chongqing"]
[WhiteTeamCountry "CHN"]
[BlackTeamCountry "CHN"]

1. e4 c5 2. c3 Nf6 3. e5 Nd5 4. d4 e6 5. Nf3 cxd4 6. cxd4 b6 7. Bc4 Bb7 8. 0-0 Be7 9. Bxd5 Bxd5 10. Nc3 Bxf3 11. Qxf3 Nc6 12. Qg3 g6 13. d5 exd5 14. Bh6 Nd4 15. Qh3 Nf5 16. Nxd5 Rc8 17. Rfe1 Rc6 18. Nf6+ Bxf6 19. exf6+ Re6 20. Bg7 Nxg7 21. fxg7 Rg8 22. Qxh7 Ke7 23. Rad1 Qe8 24. Qh4+ f6 25. Qa4 Kd8 26. Rxe6 Qxe6 27. Qxa7 Rxg7 28. Qb8+ Ke7 29. h3 Rh7 30. Qg3 f5 31. Rd3 Qc6 32. Re3+ Kf7 33. Qb8 Kg7 34. Re7+ Kh6 35. Qf8+ Kg5 36. f4+ Kxf4 37. Rxh7 Qxg2+ 38. Kxg2 1-0

[Event "Asia-ch Universities"]
[Site "Tagaytay City"]
[Date "2018.05.29"]
[Round "4"]
[White "Wang, Chen"]
[Black "Taher, Yoseph Theolifus"]
[Result "1/2-1/2"]
[WhiteElo "2492"]
[BlackElo "2375"]
[PlyCount "60"]
[EventDate "2018.05.27"]
[EventType "swiss"]
[EventRounds "9"]
[EventCountry "PHI"]
[SourceTitle "EXT 2019"]
[Source "ChessBase"]
[SourceDate "2018.10.10"]
[SourceVersion "1"]
[SourceVersionDate "2018.10.10"]
[SourceQuality "1"]

1. d4 Nf6 2. Bg5 g6 3. Bxf6 exf6 4. c4 d5 5. e3 dxc4 6. Bxc4 Bg7 7. Nc3 0-0 8. Nge2 Nd7 9. b4 Nb6 10. Bd3 Nd5 11. Nxd5 Qxd5 12. 0-0 Qd6 13. Qd2 Bd7 14. Rfc1 c6 15. Rab1 Rac8 16. Rc2 Rfd8 17. Nc3 f5 18. g3 Be6 19. Bf1 Qe7 20. Rcc1 b6 21. Qb2 c5 22. bxc5 bxc5 23. Qa3 Bf8 24. Ba6 Rb8 25. Rxb8 Rxb8 26. d5 Bd7 27. Bf1 Be8 28. Qa5 Bg7 29. Nb5 Bxb5 30. Bxb5 Be5 1/2-1/2

[Event "Asia-ch Universities"]
[Site "Tagaytay City"]
[Date "2018.05.29"]
[Round "5"]
[White "Yuan, Qingyu"]
[Black "Wang, Chen"]
[Result "1/2-1/2"]
[WhiteElo "2393"]
[BlackElo "2492"]
[PlyCount "94"]
[EventDate "2018.05.27"]
[EventType "swiss"]
[EventRounds "9"]
[EventCountry "PHI"]
[SourceTitle "EXT 2019"]
[Source "ChessBase"]
[SourceDate "2018.10.10"]
[SourceVersion "1"]
[SourceVersionDate "2018.10.10"]
[SourceQuality "1"]

1. Nf3 Nf6 2. c4 e6 3. Nc3 d5 4. d4 Nbd7 5. Qc2 Be7 6. Bg5 0-0 7. e3 h6 8. Bh4 a6 9. Rd1 Re8 10. a3 c6 11. Bd3 b5 12. cxd5 cxd5 13. 0-0 Bb7 14. Qe2 Bd6 15. Rc1 Qb8 16. Bg3 Rc8 17. Rfd1 Bxg3 18. hxg3 Qd6 19. Nb1 Ne4 20. b3 Rc7 21. Qb2 Rac8 22. Kf1 b4 23. Rxc7 Rxc7 24. Rc1 a5 25. Rxc7 Qxc7 26. Qc2 Qxc2 27. Bxc2 Ba6+ 28. Ke1 Kf8 29. Nfd2 Nxd2 30. Kxd2 Bf1 31. Bd3 Bxg2 32. axb4 axb4 33. Ke2 Be4 34. Nd2 Bxd3+ 35. Kxd3 Ke7 36. Nf3 Nb8 37. Ke2 f6 38. Ne1 e5 39. dxe5 fxe5 40. e4 Kd6 41. Nc2 Nc6 42. Kd3 g6 43. exd5 Kxd5 44. Ne3+ Kc5 45. Ke4 Nd4 46. Kxe5 Nxb3 47. Nd5 Nd4 1/2-1/2

[Event "Asia-ch Universities"]
[Site "Tagaytay City"]
[Date "2018.05.27"]
[Round "1"]
[White "Chan, Sheng Yip"]
[Black "Wang, Chen"]
[Result "0-1"]
[WhiteElo "1888"]
[BlackElo "2492"]
[PlyCount "74"]
[EventDate "2018.05.27"]
[EventType "swiss"]
[EventRounds "9"]
[EventCountry "PHI"]
[SourceTitle "EXT 2019"]
[Source "ChessBase"]
[SourceDate "2018.10.10"]
[SourceVersion "1"]
[SourceVersionDate "2018.10.10"]
[SourceQuality "1"]

1. e4 c5 2. Nf3 e6 3. d4 cxd4 4. Nxd4 a6 5. Bd3 g6 6. 0-0 Bg7 7. Be3 Qc7 8. c4 d6 9. Nc3 Nf6 10. Rc1 Nbd7 11. Be2 0-0 12. Qd2 Rd8 13. Rfd1 b6 14. Nf3 Ne8 15. Bf4 Bb7 16. Qe3 Rac8 17. b4 Qb8 18. h3 Ba8 19. a3 Rc6 20. Bg3 Rdc8 21. Nd4 R6c7 22. Nb3 Ne5 23. Bxe5 Bxe5 24. Na4 Rb7 25. f4 Bg7 26. b5 Qa7 27. c5 dxc5 28. bxa6 Rbb8 29. Bb5 Bc6 30. Bxc6 Rxc6 31. Qe2 c4 32. Kh1 Qxa6 33. Nc3 Qxa3 34. Nd4 Bxd4 35. Nb5 Qe3 36. Nxd4 Qxe2 37. Nxe2 b5 0-1

[Event "CHN-ch"]
[Site "Xinghua"]
[Date "2018.04.27"]
[Round "9"]
[White "Wang, Chen"]
[Black "Xu, Jun"]
[Result "0-1"]
[WhiteElo "2495"]
[BlackElo "2501"]
[PlyCount "51"]
[EventDate "2018.04.18"]
[EventType "tourn"]
[EventRounds "11"]
[EventCountry "CHN"]
[EventCategory "12"]
[SourceTitle "CBM 184 Extra"]
[Source "ChessBase"]
[SourceDate "2018.06.28"]
[SourceVersion "1"]
[SourceVersionDate "2018.06.28"]
[SourceQuality "1"]

1. e4 c5 2. f4 d6 3. Bb5+ Bd7 4. Bxd7+ Qxd7 5. Nf3 g6 6. 0-0 Bg7 7. d3 Nc6 8. Nc3 Nf6 9. Kh1 0-0 10. Qe1 Nd4 11. Nxd4 cxd4 12. Ne2 Rac8 13. f5 Rxc2 14. Nxd4 Rcc8 15. Qh4 Nh5 16. Be3 d5 17. e5 Bxe5 18. g4 Nf6 19. Nf3 Bxb2 20. Rab1 Rc2 21. Nd4 Bxd4 22. Bxd4 Qa4 23. Rf4 Qa3 24. fxg6 fxg6 25. Qe1 Qxa2 26. Bg1 0-1

[Event "CHN-ch"]
[Site "Xinghua"]
[Date "2018.04.26"]
[Round "8"]
[White "Bai, Jinshi"]
[Black "Wang, Chen"]
[Result "1-0"]
[WhiteElo "2586"]
[BlackElo "2495"]
[PlyCount "131"]
[EventDate "2018.04.18"]
[EventType "tourn"]
[EventRounds "11"]
[EventCountry "CHN"]
[EventCategory "12"]
[SourceTitle "CBM 184 Extra"]
[Source "ChessBase"]
[SourceDate "2018.06.28"]
[SourceVersion "1"]
[SourceVersionDate "2018.06.28"]
[SourceQuality "1"]

1. d4 d5 2. c4 e6 3. Nf3 Nf6 4. g3 c5 5. cxd5 Nxd5 6. Bg2 cxd4 7. 0-0 Be7 8. Nxd4 0-0 9. e4 Nb4 10. Nc3 N8c6 11. Nxc6 Nxc6 12. Be3 e5 13. Nd5 Bg5 14. f4 Bh6 15. Qb3 Qa5 16. Rac1 Re8 17. h3 exf4 18. gxf4 Be6 19. Qxb7 Rab8 20. Qxc6 Bxd5 21. Qxd5 Qxd5 22. exd5 Rxe3 23. d6 Rd3 24. Rcd1 Rxd1 25. Rxd1 Bxf4 26. d7 Bg5 27. Re1 Rf8 28. Re8 g6 29. Kf2 f5 30. Ke2 h5 31. b4 Bd8 32. Bf3 Kf7 33. Bd5+ Kg7 34. Be6 g5 35. Bxf5 Rxf5 36. Rxd8 Rd5 37. Ke3 Kf7 38. Ke4 Rd2 39. Kf5 Rd5+ 40. Ke4 Rd2 41. Rh8 Rxd7 42. Rh7+ Ke6 43. Rh6+ Kf7 44. Rh7+ Ke6 45. Rxh5 Rd2 46. Rh6+ Kd7 47. Ra6 Rh2 48. Kf5 Rxh3 49. Kxg5 Kc7 50. Rxa7+ Kb6 51. Ra5 Rf3 52. Kg4 Rf2 53. Kg3 Rf1 54. Kg2 Rf4 55. a3 Rf8 56. Kg3 Rf1 57. Kg4 Rf2 58. Rf5 Ra2 59. Ra5 Rf2 60. a4 Ra2 61. Kf5 Ra1 62. Ke6 Ra2 63. Kd6 Ra1 64. Rb5+ Ka6 65. Kc6 Rxa4 66. Rb7 1-0

[Event "CHN-ch"]
[Site "Xinghua"]
[Date "2018.04.25"]
[Round "7"]
[White "Wang, Chen"]
[Black "Xu, Yi"]
[Result "1/2-1/2"]
[WhiteElo "2495"]
[BlackElo "2522"]
[PlyCount "59"]
[EventDate "2018.04.18"]
[EventType "tourn"]
[EventRounds "11"]
[EventCountry "CHN"]
[EventCategory "12"]
[SourceTitle "CBM 184 Extra"]
[Source "ChessBase"]
[SourceDate "2018.06.28"]
[SourceVersion "1"]
[SourceVersionDate "2018.06.28"]
[SourceQuality "1"]

1. b3 e5 2. Bb2 Nc6 3. e3 g6 4. Bb5 Bg7 5. Bxc6 bxc6 6. f4 f6 7. Ne2 Nh6 8. fxe5 fxe5 9. 0-0 d6 10. Qe1 Nf7 11. d3 0-0 12. e4 c5 13. Nd2 Be6 14. Nc4 Qd7 15. Ne3 c6 16. Qg3 Nh6 17. h3 Qe7 18. Rxf8+ Rxf8 19. Rf1 Rxf1+ 20. Nxf1 Nf7 21. Bc1 Bf6 22. Ne3 Bh4 23. Qf3 Bg5 24. Nf1 Bh4 25. Ne3 Bg5 26. Nf1 Bh4 27. Ne3 Bg5 28. Nf1 Bh4 29. Ne3 Bg5 30. Nf1 1/2-1/2

[Event "CHN-ch"]
[Site "Xinghua"]
[Date "2018.04.22"]
[Round "5"]
[White "Wang, Chen"]
[Black "Zeng, Chongsheng"]
[Result "0-1"]
[WhiteElo "2495"]
[BlackElo "2542"]
[PlyCount "88"]
[EventDate "2018.04.18"]
[EventType "tourn"]
[EventRounds "11"]
[EventCountry "CHN"]
[EventCategory "12"]
[SourceTitle "CBM 184 Extra"]
[Source "ChessBase"]
[SourceDate "2018.06.28"]
[SourceVersion "1"]
[SourceVersionDate "2018.06.28"]
[SourceQuality "1"]

1. e4 d5 2. Nc3 dxe4 3. Nxe4 e5 4. Bb5+ Bd7 5. Qe2 Nc6 6. Nf3 Qe7 7. 0-0 0-0-0 8. c3 h5 9. b4 Qe8 10. d3 h4 11. h3 Kb8 12. a4 f6 13. Re1 Qg6 14. Kh1 Nh6 15. Nxh4 Qh7 16. Kg1 Be7 17. Bxc6 Bxc6 18. Bxh6 gxh6 19. Qf3 f5 20. Nxf5 Rdf8 21. g4 h5 22. Kf1 Bd7 23. Qe3 Bxf5 24. gxf5 Rxf5 25. Ke2 Rhf8 26. f3 Rf4 27. Rh1 Qf7 28. Raf1 Qa2+ 29. Qd2 Qxa4 30. Rhg1 Qd7 31. Rg7 Qe6 32. Qe3 b6 33. Rh7 Bh4 34. Rxh5 Rg8 35. Rg1 Qa2+ 36. Nd2 Bf6 37. Rg4 Rd8 38. Rh7 Qc2 39. c4 Rfd4 40. Rxd4 exd4 41. Qe4 Rg8 42. Qc6 Bd8 43. f4 Rg3 44. Qd7 Re3+ 0-1